| 000 | 01121nam a2200229 a 4500 | ||
|---|---|---|---|
| 001 | 000490251 | ||
| 003 | AM-YeHGA | ||
| 005 | 20250617134345.0 | ||
| 008 | 060525s1949 ||| r 000 0 rus d | ||
| 040 | _aAM-YeHGA | ||
| 041 | 0 | _arus | |
| 100 | 1 | _aРогинский, Я.Я | |
| 245 | 1 | 0 |
_aТеории моноцентризма и полицентризма в проблеме происхождения современного человека и его рас / _cЯ.Я. Рогинский; МГУ им. М.В. Ломоносова, Музей антропологии. |
| 260 |
_aМосква : _bМГУ, _c1949. |
||
| 300 |
_a155 с. : _bил. |
||
| 504 | _aБиблиогр.: с. 106-109 | ||
| 653 | 0 | _aЧеловек - Происхождение - Проблема количества центров происхождения | |
| 653 | 0 | _aЧеловеческие рассы - Происхождение | |
| 710 | 2 | _aМосковский государственный университет им. М.В. Ломоносова. | |
| 710 | 2 | _aМузей антропологии | |
| 090 | _c182051 | ||
| 999 |
_c180601 _d180601 |
||